| 000 | 01547cas a2200385 a 4500 | ||
|---|---|---|---|
| 005 | 20151123100444.0 | ||
| 008 | 860617c19879999maubr p 0 a0eng c | ||
| 015 |
_a010518614 _2dnb |
||
| 016 | 7 |
_a010518614 _2DE-101 |
|
| 016 | 7 |
_a58735-7 _2DE-600 |
|
| 016 | 7 |
_a9882301 _2DNLM |
|
| 022 | 0 |
_a0888-8892 _21 |
|
| 030 | _aCBIOEF | ||
| 032 |
_a003917 _bUSPS |
||
| 040 |
_aNSDP _cNSDP _dMH _dNSDP _dNST _dDI _dDLC _dDNAL _dDLC _dNST _dN _dNSDP _dNST _dDNAL _dNST _dDLC _dInU _dOCoLC _dMCM _dTNJ _dCU-S _dDLC _dMH _dOCoLC _dPBL _dDNLM _dDLC _dOCoLC _dCaQMU _dNLGGC _dDNLM _dMiEM _dMtU _dOCoLC _dHEBIS _dDE-MnBSB _dGBVCP _dDEBBG _dOCoLC _dCO-BoIAVH |
||
| 041 | 0 | _aeng | |
| 042 |
_ansdp _apcc |
||
| 044 | _axxu | ||
| 051 |
_ahttp://www.jstor.org/journals/08888892.html _cELECTRONIC COPY |
||
| 090 | _aSE | ||
| 245 | 0 | 0 |
_aConservation biology : _bthe journal of the Society for Conservation Biology. |
| 260 |
_aBoston, Mass. : _bBlackwell Scientific Publications, _c1987- |
||
| 300 |
_bilustraciones ; _c28 cm |
||
| 310 | _b1995- | ||
| 321 | _b1987-1994 | ||
| 500 | _aTítulo desde la caratula. | ||
| 650 | 6 |
_aConservación biológica _vPeriódicas. |
|
| 650 | 1 | 2 |
_aConservación de recursos naturales _vPeriódicas. |
| 650 | 2 | 2 |
_aBiología _vPeriódicas. |
| 650 | 2 | 2 |
_aAmbiente _vPeriódicas. |
| 650 | 6 |
_aBiología de la conservación _vPeriódicas. |
|
| 710 | 2 | _aSociety for Conservation Biology. | |
| 776 | 0 | 8 |
_iOnline version: _tConservation biology (Online) _x1523-1739 _w(DLC)sn 98005135 _w(OCoLC)40578314 |
| 942 |
_2z _cREVISTA _s1 |
||
| 999 |
_c17200 _d17200 |
||